Structural Survey (Record no. 118671)
[ view plain ]
| 000 -LEADER | |
|---|---|
| fixed length control field | 00607cas a22002055a 4500 |
| 001 - CONTROL NUMBER | |
| control field | 99126 |
| 008 - FIXED-LENGTH DATA ELEMENTS--GENERAL INFORMATION | |
| fixed length control field | 070613c1982 xxkqr p 0 a0eng |
| 022 0# - INTERNATIONAL STANDARD SERIAL NUMBER | |
| International Standard Serial Number | 0263-080X |
| 035 ## - SYSTEM CONTROL NUMBER | |
| System control number | (Sirsi) u99126 |
| 041 0# - LANGUAGE CODE | |
| Language code of text/sound track or separate title | eng |
| 245 00 - TITLE STATEMENT | |
| Title | Structural Survey |
| 260 ## - PUBLICATION, DISTRIBUTION, ETC. | |
| Place of publication, distribution, etc. | London |
| Name of publisher, distributor, etc. | Emerald Publications |
| Date of publication, distribution, etc. | 1983- |
| 362 ## - DATES OF PUBLICATION AND/OR SEQUENTIAL DESIGNATION | |
| Dates of publication and/or sequential designation | 1(1) 1983- |
| 500 ## - GENERAL NOTE | |
| General note | Selected items available free online |
| 651 #4 - SUBJECT ADDED ENTRY--GEOGRAPHIC NAME | |
| Geographic name | International |
| 690 ## - LOCAL SUBJECT ADDED ENTRY--TOPICAL TERM (OCLC, RLIN) | |
| Topical term or geographic name as entry element | BUILT ENVIRONMENT-BUILDING PATHOLOGY |
| 856 ## - ELECTRONIC LOCATION AND ACCESS | |
| Uniform Resource Identifier | <a href="https://www.emerald.com/insight/publication/issn/0263-080X">https://www.emerald.com/insight/publication/issn/0263-080X</a> |
| Public note | Selected items free online |
| 942 ## - ADDED ENTRY ELEMENTS (KOHA) | |
| Suppress in OPAC | 0 |
| Source of classification or shelving scheme | Dewey Decimal Classification |
| 948 ## - LOCAL PROCESSING INFORMATION (OCLC); SERIES PART DESIGNATOR (RLIN) | |
| c (OCLC) | 18/02/1994 |
| Withdrawn status | Lost status | Source of classification or shelving scheme | Damaged status | Not for loan | Home library | Current library | Shelving location | Date acquired | Total Checkouts | Full call number | Barcode | Date last seen | Uniform Resource Identifier | Price effective from | Koha item type | Public note |
|---|---|---|---|---|---|---|---|---|---|---|---|---|---|---|---|---|
| Dewey Decimal Classification | Virtual | Virtual | Online | 23/01/2004 | ONLINE JOURNAL | 99126-2001 | 06/08/2019 | https://www.emerald.com/insight/publication/issn/0263-080X | 06/08/2019 | Journal | Ceased publication, selected archive available free online |